000 00836cam a22002533a 4500
001 8193
003 PGUSA
005 20140828083153.0
008 050501s2005||||xxu|||||s|||||000 | eng d
040 _aPGUSA
_beng
042 _adc
050 4 _aBS
100 1 _aDillon, Emile Joseph,
_d1855-1933
245 1 4 _aThe Sceptics of the Old Testament :
_bJob - Koheleth - Agur
_h[electronic resource] /
_cEmile Joseph Dillon
260 _bProject Gutenberg,
_c2005
506 _aPublic domain in the USA.
516 _aElectronic text
653 _aBible. Proverbs -- Criticism, interpretation, etc.
653 _aBible. Ecclesiastes -- Criticism, interpretation, etc.
653 _aBible. Job -- Criticism, interpretation, etc.
830 0 _aProject Gutenberg
_v8193
856 4 0 _uhttp://www.gutenberg.org/ebooks/8193
942 _cEB
999 _c237493
_d237493